000 00661nam a22002177a 4500
005 20250717102146.0
008 250717b |||||||| |||| 00| 0 eng d
037 _cTB
040 _aCRL
_cCRL
041 _2URD
_aURD
084 _aO168,3NRAx Q1
_bCRL
100 _aSajid Rashid
_9815822
245 _aEk murda sir ki hikayat
260 _aMumbai, India:
_bKitab Daar,
_c2011.
300 _a223p.
365 _b150.00
_cINR
650 _aUrdu Literture
_9815823
650 _aUrdu Fiction
_93298
942 _2CC
_cTB
_hO168,3NRAx Q1
_n0
999 _c1433711
_d1433711